• 首页
  • 本馆介绍
  • 公告通知
  • 最新文献
  • 馆藏检索
  • 电子资源
  • 读者导购
  • 参考咨询
  • 我的图书馆
  • 登录
  • 详细信息显示
  • 放入我的书架
  • 预约/预借图书
  • 作者相关作品
  • 分类相关作品
  • 丛书相关作品
  • 出版社相关作品

书目信息

  • 表格格式
  • 工作单格式
  • 卡片格式
题名:
没有不上进的学生
    
 
作者: 张利 主编
分册:  
出版信息: 北京   九州出版社  2006
页数: 255页
开本: 24cm
丛书名: 新教育力丛书
单 册:
中图分类: G632.41 , G632.4
科图分类:
主题词: 激励 , 教学法 , 激励--教学法--中小学
电子资源:
ISBN: 7-80195-418-1
000 01094nam0 2200325 450
000 01075nam0 2200313 450
000 01005nam0 2200289 450
000 00969oam2 2200277 45
005 20070727100835.35
010    @a7-80195-418-1@dCNY30.00
100    @a20070708d2006 em y0chiy0120 ea
101 0  @achi
102    @aCN@b110000
105    @ay z 000yy
200 1  @a没有不上进的学生@AMei You Bu Shang Jin De Xue Sheng@e师最有效的激励智慧@EShi Zui You Xiao De Ji Li Zhi Hui@f张利主编@FZhang Li Zhu Bian
210    @a北京@c九州出版社@d2006
215    @a255页@d24cm
225 2  @a新教育力丛书
308    @a丛书第一辑
330    @a本书精选国内外经典案例,通过对案例的评析,向教师传授先进、有效的教育激励方法,从而全面提升教育素质。
410  0 @12001 @a新教育力丛书
517 1  @a名师最有效的激励智慧@AMing Shi Zui You Xiao De Ji Li Zhi Hui
606 0  @a激励
606 0  @a教学法
606 0  @a激励@x教学法@x中小学
690    @aG632.41@v4
690    @aG632.4@v3
701  0 @a张利@AZhang Li@c(人生哲学)@4主编
801  0 @aCN@bTAOJIN@c20070727
905    @a10447@dG632.4@e228
    
    没有不上进的学生:师最有效的激励智慧/张利主编.-北京:九州出版社,2006
    255页;24cm.-(新教育力丛书)
    
    
    ISBN 7-80195-418-1:CNY30.00
    本书精选国内外经典案例,通过对案例的评析,向教师传授先进、有效的教育激励方法,从而全面提升教育素质。
●
相关链接 在E读中查询图书 在五车中查询图书 在当当中查询图书 在豆瓣中查询图书


正题名:没有不上进的学生     索取号:G632.4/228         预约/预借

序号 登录号 条形码 馆藏地/架位号 状态 备注
1 0820565   208205654   第一样本阅览室/ [索取号:G632.4/228] 在馆    
2 0820566   208205663   第四借阅区/ [索取号:G632.4/228] 在馆    
3 0820567   208205672   第四借阅区/ [索取号:G632.4/228] 在馆    
4 0820568   208205681   第四借阅区/ [索取号:G632.4/228] 在馆    
5 0820569   208205690   第四借阅区/ [索取号:G632.4/228] 在馆    
唐山师范学院图书馆 欢迎您!
大连网信软件有限公司© 版权所有